Las relaciones entre descentralización y equidad /
La CEPAL cree en la idea-fuerza de transformación productiva con equidad y sustentabilidad y considera conveniente que al menos todos los miembros de la institución aúnen sus esfuerzos para transformar la "utopía de gabinete" en una práctica social y eficiente. Esta tarea no es nada fácil...
Gespeichert in:
| 1. Verfasser: | |
|---|---|
| Format: | Text |
| Sprache: | Spanish |
| Schlagworte: | |
| Tags: |
Tag hinzufügen
Keine Tags, Fügen Sie den ersten Tag hinzu!
|
MARC
| LEADER | 00000 a a2200000 04500 | ||
|---|---|---|---|
| 003 | cru IIS | ||
| 005 | 20211005132133.0 | ||
| 008 | 211005b |||||||| |||| 00| 0 spa d | ||
| 040 | |c cru IIS | ||
| 100 | 1 | |a Boisier Etcheverry, Sergio |9 10098 |e Autor | |
| 245 | 1 | 4 | |a Las relaciones entre descentralización y equidad / |c Sergio Boisier Etcheverry |
| 300 | |a páginas 113-131 | ||
| 520 | |a La CEPAL cree en la idea-fuerza de transformación productiva con equidad y sustentabilidad y considera conveniente que al menos todos los miembros de la institución aúnen sus esfuerzos para transformar la "utopía de gabinete" en una práctica social y eficiente. Esta tarea no es nada fácil y el paso desde el nivel idea-fuerza hasta un nivel paradigmático superior supone -como ha sido bien reconocido- definir con mayor precisión y sobre todo hacer más operativo cada uno de los conceptos fundacionales y el sistema como un todo. El artículo explora de manera preliminar, aunque no con ello menos sugerente, cómo una adecuada centralización política y territorial puede contribuir a fortalecer un eslabón débil e históricamente escurridizo de la cadena como es la equidad, en cuanto esta se asocia con un mejor acceso a los recursos socialmente escasos: el poder político por un lado, y el empleo productivo por el otro. La creación de un amplio conjunto de espacios representativos que faciliten la participación activa y el encuentro sistemático de ciudadanos y burócratas (en el buen sentido del término) y que se ubiquen entre el Estado y el individuo y la potencialidad que ofrece un moderno segmento de empresas pequeñas y medianas en cuanto a la creación de empleos, constituyen los dos planteamientos centrales del artículo, en el bien entendido que ambos procesos requieren inscribirse en un marco desconcentrado y descentralizado de políticas y programas. Entre los temas tratados se destacan: la descentralización: una nueva dimensión de las políticas públicas; equidad y descentralización: un binomio interactivo; y por último se analiza el tema: el territorio, un espacio de articulación sintética y sistémica de la cadena de transformación productiva con equidad y sustentabilidad. HB/ALJ | ||
| 650 | 0 | |a CEPAL |9 607 | |
| 650 | 0 | |a PRODUCCION |9 671 | |
| 650 | 4 | |a PODER POLITICO |9 1918 | |
| 650 | 0 | |a EMPLEO |9 288 | |
| 650 | 0 | |a ESTADO |9 243 | |
| 650 | 0 | |a PEQUEÑAS EMPRESAS |9 4058 | |
| 650 | 0 | |a CREDITO |9 4683 | |
| 651 | 0 | |9 17 |a AMERICA LATINA | |
| 773 | 0 | |0 18890 |9 6127 |a Comisión Económica para América Latina y el Caribe |d Santiago, Chile: Comisión Económica para América Latina y el Caribe |o MFN: 2404 |t Revista de la CEPAL / | |
| 942 | |2 ddc |c PP | ||
| 999 | |c 43881 |d 43881 | ||
